Statistics for Biggest Cities On Rhine

Click here to take the quiz!

General Stats

  • This quiz has been taken 106 times
  • The average score is 10 of 15

Answer Stats

PopulationCountryCity% Correct
1.06 mil.GermanyCologne
98%
638 kNetherlandsRotterdam
96%
612 kGermanyDüsseldorf
90%
279 kFranceStrasbourg
87%
171 kSwitzerlandBasel
84%
318 kGermanyBonn
74%
491 kGermanyDuisburg
71%
347 kNetherlandsUtrecht
71%
209 kGermanyMainz
63%
305 kGermanyMannheim
61%
307 kGermanyKarlsruhe
52%
276 kGermanyWiesbaden
44%
163 kGermanyLeverkusen
40%
175 kNetherlandsNijmegen
38%
225 kGermanyKrefeld
35%

Score Distribution

Percentile by Number Answered

Percent of People with Each Score

Your Score History

You have not taken this quiz